| 000 | 00425nam a2200169Ia 4500 | ||
|---|---|---|---|
| 003 | GCL | ||
| 008 | 140319s9999 xx 000 0 eng d | ||
| 040 |
_aGCL / _cGCL |
||
| 082 | 0 | 4 |
_a574 _bV A |
| 100 | 1 | _aVOYEL, GUNTHER | |
| 245 | 1 | 0 |
_aATLAS DE LA BIOLOGIE / _cVOYEL, GUNTHER |
| 260 |
_a[S.N] : _bLE LIVRE DE POCHE ، _c1984 |
||
| 300 | _a641 P | ||
| 490 |
_aLE LIVRE DE POCHE _v0 |
||
| 650 | 0 | 4 | _aBIOLOGY |
| 942 |
_2ddc _cBK |
||
| 999 |
_c22349 _d22349 |
||